Signals And Systems (Record no. 204397)

MARC details
000 -LEADER
fixed length control field 00482nam a2200181Ia 4500
008 - FIXED-LENGTH DATA ELEMENTS--GENERAL INFORMATION
fixed length control field 230714s9999 xx 000 0 und d
020 ## - INTERNATIONAL STANDARD BOOK NUMBER
International Standard Book Number 9790000000000
041 ## - LANGUAGE CODE
Language code of text/sound track or separate title eng
082 ## - DEWEY DECIMAL CLASSIFICATION NUMBER
Classification number 621.382'2
Item number RAO
100 ## - MAIN ENTRY--PERSONAL NAME
Personal name Rao D.G.
9 (RLIN) 171171
245 ## - TITLE STATEMENT
Title Signals And Systems
250 ## - EDITION STATEMENT
Edition statement 4th ed.
260 ## - PUBLICATION, DISTRIBUTION, ETC. (IMPRINT)
Date of publication, distribution, etc. 2011
Name of publisher, distributor, etc. Pearson Education
300 ## - PHYSICAL DESCRIPTION
Extent 503
365 ## - TRADE PRICE
Currency code Rs.
Price amount 375.00
700 ## - ADDED ENTRY--PERSONAL NAME
Personal name Rao D.G. & Tunga S.
9 (RLIN) 192584
906 ## - LOCAL DATA ELEMENT F, LDF (RLIN)
d O:0210801-Oct-2011B:254324-Aug-2011
c ETC
b 187.5

No items available.